00566nam a22001817a 450000500170000001000150001702000270003203500140005903700150007308200140008824500760010226000450017827000670022330000300029050000270032070000210034770000160036820180711160038.0 aENG-123447 c1995.00a9780199488834 aEN-106979 bDBAD/PUB.  a338.10954 aGlimpses of indian agriculture /ced. by Sangeeta Verna [and] P.C. Bodh aNew DelhibOxford University Pressc2018 a2/11, Ground Floor, Ansari Road, Daryaganj,bNew Delhie110002 axix,582p.c27cm(Hb)bill. aIt includes references a Verna, Sangeeta a Bodh, P.C.